Rehabilitación médica de ancianos

Сохранить в:
Библиографические подробности
Главный автор: González Mas, Rafael (Автор)
Формат:
Язык:испанский
Опубликовано: Barcelona Masson 1995
Предметы:
Метки: Добавить метку
Нет меток, Требуется 1-ая метка записи!

MARC

LEADER 00000nam a2200000 a 4500
001 UCP3250
003 CL-VaPUC
008 990618e19950000SP |||||||||||||||||spa|d
082 0 4 |a 615.54  |b GON  |2 21 
100 |a González Mas, Rafael  |e author  |9 430437 
245 1 0 |a Rehabilitación médica de ancianos 
300 |a 361 p 
942 |c BK 
945 |d 19990618 00:00:00  |a rbrito 
260 |a Barcelona  |b Masson  |c 1995 
650 0 |a Geriatría   |9 309798 
650 7 |a FISIOLOGIA  |2 CL-VaPUC  |9 430438 
650 0 |a Ancianos   |9 307293 
650 0 |a Ejercicios físicos  |9 307296 
650 0 |a Rehabilitación  |9 307382 
650 0 |a Fisioterapia  |9 307408 
650 7 |a QUEMADURAS  |2 CL-VaPUC  |9 342025 
583 |a last modification  |c 19990618 00:00:00  |k Rodrigo Vera 
999 |c 281627  |d 281625 
952 |0 0  |1 0  |4 0  |6 615_540000000000000_GON_1995  |7 0  |8 A  |9 322507  |a BIBCUR  |b BIBCUR  |d 2019-11-20  |i 3530922  |o 615.54 GON 1995  |p 3530922  |r 2025-04-22  |w 2019-11-20  |y BK  |k KIN